Desafíos de la libre competencia en Iberoamérica

Wedi'i Gadw mewn:
Manylion Llyfryddiaeth
Prif Awduron: Facuse Andreucci, Vanessa (Awdur), Montoya Squif, Ana María (Awdur)
Fformat: Llyfr
Iaith:Sbaeneg
Cyhoeddwyd: Santiago Legal Publishing 2019
Rhifyn:1a. ed
Pynciau:
Tagiau: Ychwanegu Tag
Dim Tagiau, Byddwch y cyntaf i dagio'r cofnod hwn!

MARC

LEADER 00000cam a2200000 a 4500
001 UCC9294
003 CL-VaPUC
008 190914e20190000cl |||||||||||||||||spa|d
020 |a 9789564000596 
082 0 4 |a 343.0721  |b FAC  |2 21 
100 0 |a Facuse Andreucci, Vanessa  |e author  |9 604272 
700 0 |a Montoya Squif, Ana María  |e author  |9 604273 
245 1 0 |a Desafíos de la libre competencia en Iberoamérica 
250 |a 1a. ed 
300 |a 426 p 
942 |c BK 
945 |d 20190914 23:07:00  |a dcastane 
260 |a Santiago  |b Legal Publishing  |c 2019 
650 0 |a Derecho comercial   |9 256340 
650 0 |a Monopolios  |9 255549 
650 0 |a Libre competencia   |9 391595 
583 |a last modification  |c 20190914 23:07:00  |k Rodrigo Vera 
999 |c 375480  |d 375478 
952 |0 0  |1 0  |3 erb  |4 0  |6 343_072100000000000_FAC_2019  |7 0  |8 A  |9 494467  |a BIBDER  |b BIBDER  |i 5601649  |l 2  |m 4  |o 343.0721 FAC 2019  |p 5601649  |r 2024-01-02  |s 2023-07-06  |w 2019-11-24  |y BK  |z Catalogado en:20190914  |k DER